=LDR 00000nam 2200000 4500 =001 INLIS000000000042681 =005 20131008015502 =008 ***********************************Ind** =035 ##$$a0010-101300000000603 =041 ##$$a Ind =082 ##$$a 612.3 =090 ##$$a 612.3, Ari b =100 ##$$a Arisman =245 ##$$a Buku ajar ilmu gizi : gizi dalam daur kehidupan, Arisman ; copy editor, Suryani =260 ##$$a 2010 $b Jakarta =300 ##$$a xvii, 275 hlm., ilus, 24 cm =650 ##$$a Ilmu Gizi =700 ##$$a Suryani =850 ##$$a NBPNMAT =990 ##$$a 93958/BPAP-NTB/2014 =990 ##$$a 21400613/BPAP-NTB/20142014 =990 ##$$a 21400613/BPAP-NTB/20142014 =990 ##$$a 21400613/BPAP-NTB/20142014